000 00820nmm a2200265 a 4500
001 ocm000955341
003 TR-IsHL
005 20201028150432.0
008 150110s2014 tu tur
007 cr cn
020 _a9781312611405
035 _a955341
_b(N$T)
050 0 4 _aPL248.A982
_bS48 2014
090 0 4 _aPL248.A982
_bS48 2014
100 1 _aAyvaz, Cevdet
245 1 0 _aSevgisiz koyma beni
_h[electronic resource] /
_cCevdet Ayvaz
260 _aİstanbul :
_bE-Kitap Projesi,
_c2014
300 _a151 p.
650 4 _aDil ve Edebiyat
650 4 _aLanguage and Literature
650 0 _aTürk şiiri
650 0 _aTurkish poetry
650 7 _aLITERARY COLLECTIONS / Middle Eastern
_2bisacsh
856 4 0 _uhttp://search.ebscohost.com/login.aspx?direct=true&scope=site&db=e011xww&AN=955341
999 _c10472
_d10472